| 000 | 01120nam a22002417a 4500 | ||
|---|---|---|---|
| 999 |
_c20988 _d20988 |
||
| 003 | AR-CdUCM | ||
| 008 | 190723b ||||| |||| 00| 0 spa d | ||
| 020 | _a9972-601-24-2 | ||
| 040 |
_aMUNICIPALIDAD PROVINCIAL DEL CUSCO _cBIBLIOTECA MUNICIPAL DEL CUSCO |
||
| 082 |
_a793.31 / _bP57 |
||
| 100 |
_aPilco Loayza, Amós David _943777 |
||
| 245 |
_aDanzas del Cusco : didáctica para su enseñanza / _aEl Ayarachi : grupo Kuntur Chaya Ayarachi de Paratía / _aRepresentación de la esclavitud en danzas peruanas / |
||
| 260 |
_aCusco : _bPontificia universidad católica del Perú, _c1998. |
||
| 300 |
_a128 páginas ; _bilustraciones ; _c29 cm. |
||
| 500 | _aI convocatoria nacional "Jose Maria Arguedas" Avances de investigación - Danza | ||
| 505 | _aContenido : Danzas del Cusco, didáctica para su enseñanza -- El Ayarachi: grupo Kuntur Chaya Ayarachi de Paratía -- Representación de la esclavitud en danzas peruana. | ||
| 650 |
_aDanzas _914459 |
||
| 650 |
_aFolklor _98776 |
||
| 700 |
_aLeonardini Herane, Nanda _943778 |
||
| 700 |
_aSalas Carreño, Guillermo _943779 |
||
| 942 |
_2ddc _cLIBROS |
||
| 945 | _azta | ||